<?xml version="1.0" encoding="UTF-8"?>
<collection xmlns:xsi="http://www.w3.org/2001/XMLSchema-instance" xsi:schemaLocation="http://www.loc.gov/MARC21/slim http://www.loc.gov/standards/marcxml/schema/MARC21slim.xsd" xmlns="http://www.loc.gov/MARC21/slim">
 <record>
  <leader>00000cmm a22000004a 4500</leader>
  <controlfield tag="001">UP-99796217611211930</controlfield>
  <controlfield tag="003">Buklod</controlfield>
  <controlfield tag="005">20140423132029.0</controlfield>
  <controlfield tag="006">m    go  j        </controlfield>
  <controlfield tag="007">cr cn |||aaaaa</controlfield>
  <controlfield tag="008">101109s2011    xxu        u |      eng d</controlfield>
  <datafield tag="020" ind1=" " ind2=" ">
   <subfield code="a">9781441960184 (eBook)</subfield>
  </datafield>
  <datafield tag="020" ind1=" " ind2=" ">
   <subfield code="a">144196018X (eBook)</subfield>
  </datafield>
  <datafield tag="035" ind1=" " ind2=" ">
   <subfield code="a">(iLib)UPD-00214608067</subfield>
  </datafield>
  <datafield tag="040" ind1=" " ind2=" ">
   <subfield code="a">DML</subfield>
  </datafield>
  <datafield tag="041" ind1="0" ind2=" ">
   <subfield code="a">eng</subfield>
  </datafield>
  <datafield tag="042" ind1=" " ind2=" ">
   <subfield code="a">DMLUC</subfield>
  </datafield>
  <datafield tag="084" ind1=" " ind2=" ">
   <subfield code="a">TK 7875</subfield>
   <subfield code="b">H37 2011eb</subfield>
  </datafield>
  <datafield tag="100" ind1="1" ind2=" ">
   <subfield code="a">Hartzell, Allyson L.</subfield>
  </datafield>
  <datafield tag="245" ind1="1" ind2="0">
   <subfield code="a">MEMS reliability</subfield>
   <subfield code="h">[electronic resource]</subfield>
   <subfield code="c">Allyson L. Hartzell, Mark G. da Silva, Herbert R. Shea ; foreword by Stephen D. Senturia.</subfield>
  </datafield>
  <datafield tag="246" ind1="3" ind2=" ">
   <subfield code="a">Micro-electro mechanical systems reliability.</subfield>
  </datafield>
  <datafield tag="264" ind1=" " ind2="1">
   <subfield code="a">New York</subfield>
   <subfield code="b">Springer</subfield>
   <subfield code="c">2011.</subfield>
  </datafield>
  <datafield tag="300" ind1=" " ind2=" ">
   <subfield code="a">1 online resource (xiii, 291 p.)</subfield>
   <subfield code="b">ill. (some col.)</subfield>
  </datafield>
  <datafield tag="490" ind1="1" ind2=" ">
   <subfield code="a">MEMS reference shelf</subfield>
  </datafield>
  <datafield tag="505" ind1="0" ind2=" ">
   <subfield code="a">Introduction -- Reliability /Weibull, bathtub curve, basics (What is reliability?) -- Failure Modes and Physics of Failure (POF) -- Strategies for identifying root cause (FMEA) -- Manufacturing Processes &amp; Procedures -- Testing &amp; Qualification Processes &amp; Procedures -- Improving Reliability: Techniques and Tools -- Design for Reliability (DFR).</subfield>
  </datafield>
  <datafield tag="506" ind1=" " ind2=" ">
   <subfield code="a">IP-based subscription, access limited to within on-campus computer network.</subfield>
   <subfield code="c">Access via Electronic Resources of the UPD University Library Website.</subfield>
  </datafield>
  <datafield tag="520" ind1=" " ind2=" ">
   <subfield code="a">Successfully bringing MEMS-based products to market hinges on engineering the component to have sufficient reliability for the intended application, yet the reliability and qualification methodology for MEMS based products is not widely understood. Companies that have a deep understanding of MEMS reliability because of specific high volume manufacturing experience generally view the details of a reliability program as a competitive advantage and are reluctant to share it. MEMS Reliability focuses on the reliability and manufacturability of MEMS at a fundamental product engineering level by addressing process development and characterization, material property characterization, failure mechanisms and physics of failure (PoF), accelerated testing and lifetime prediction, design strategies for improving yield, design for reliability (DfR), packaging and testing. Drawing upon years of practical experience and using numerous examples and illustrative applications, Allyson Hartzell, Mark da Silva, and Herbert Shea cover: ? How to design &amp; manufacture MEMS components for reliability by focusing on basic tools such as reliability statistics, CAD methodologies, FMEA, tools &amp; instruments for failure analysis, and product development methodologies. ? The different types of failure modes for silicon and metal-based MEMS, including failures originating in the design and manufacturing phases, and in-use failures (electrical, mechanical, and environmental) and how to avoid them. ? The testing and qualification procedures for MEMS reliability and the specific test protocols for accelerating specific MEMS- failures, leading to enhanced reliability understanding and accurate lifetime prediction. MEMS Reliability will be of interest to engineers,researchers, and product managers involved in the production and development, of MEMS who want to learn more about determining and improving product reliability and implementing such practices within their own organizations. &quot;The MEMS Reference Shelf is a series devoted to Micro-Electro-Mechanical Systems (MEMS), which combine mechanical, electrical, optical, or fluidic elements on a common microfabricated substrate to create sensors, actuators, and microsystems. This series, authored by leading MEMS practitioners, strives to provide a framework where basic principles, known methodologies, and new applications are integrated in a coherent and consistent manner.&quot; STEPHEN D. SENTURIA Massachusetts Institute of Technology, Professor of Electrical Engineering, Emeritus.</subfield>
  </datafield>
  <datafield tag="533" ind1=" " ind2=" ">
   <subfield code="a">Electronic reproduction.</subfield>
   <subfield code="b">New York</subfield>
   <subfield code="c">SpringerLink</subfield>
   <subfield code="d">2011.</subfield>
   <subfield code="n">Available via World Wide Web through SpringerLink.</subfield>
  </datafield>
  <datafield tag="650" ind1=" " ind2="0">
   <subfield code="a">Microelectromechanical systems</subfield>
   <subfield code="x">Reliability.</subfield>
  </datafield>
  <datafield tag="650" ind1=" " ind2="0">
   <subfield code="a">Electronic books.</subfield>
  </datafield>
  <datafield tag="700" ind1="1" ind2=" ">
   <subfield code="a">Da Silva, Mark G.</subfield>
  </datafield>
  <datafield tag="700" ind1="1" ind2=" ">
   <subfield code="a">Shea, Herbert R.</subfield>
  </datafield>
  <datafield tag="700" ind1="1" ind2=" ">
   <subfield code="a">Senturia, Stephen D.</subfield>
   <subfield code="d">1940-.</subfield>
  </datafield>
  <datafield tag="710" ind1="2" ind2=" ">
   <subfield code="a">SpringerLink (Online service).</subfield>
  </datafield>
  <datafield tag="856" ind1="4" ind2="0">
   <subfield code="y">Available for University of the Philippines Diliman via SpringerLink. Click here to access</subfield>
   <subfield code="u">http://link.springer.com/book/10.1007/978-1-4419-6018-4</subfield>
  </datafield>
  <datafield tag="905" ind1=" " ind2=" ">
   <subfield code="a">FO</subfield>
  </datafield>
  <datafield tag="950" ind1=" " ind2=" ">
   <subfield code="a">Monograph</subfield>
  </datafield>
  <datafield tag="852" ind1="0" ind2=" ">
   <subfield code="a">UPD</subfield>
   <subfield code="b">DMLR</subfield>
  </datafield>
  <datafield tag="942" ind1=" " ind2=" ">
   <subfield code="a">Electronic Resource</subfield>
  </datafield>
 </record>
</collection>
